000 nam a22 a 4500
999 _c382210
_d382210
003 BLK
005 20210726120816.0
008 200813b bu ||||| |||| 00| 0 bu d
020 _a9786197496574
040 _aBLK
041 _aBUL
_cBUL
080 _aВоенно дело. Военни науки. Народна отбрана. Въоръжени сили
_b355/359
_z355/359
139 _aОбщъ войнишки учебникъ
_bО 25
245 _aОбщъ войнишки учебникъ
_bФототипно издание на военно-издателски фондъ от 1936 г.
260 _9391895
_aСофия
_bБългарска история
_c2020
300 _a203 с.
_bс ил., портр.
_c 21 см
380 _a3
650 0 _9319620
_aАрмия, българска
653 7 _9182624
_aбългарска армия
653 7 _9199103
_aучебници
852 _aЦб 308345
942 _cKNG
_n0
_s1
944 _aCR
_c2020-08-13
_kВаля Йорданова
999 _d382210
999 _d382210